| 000 | 01070nam a2200241 a 4500 | ||
|---|---|---|---|
| 001 | 000005651 | ||
| 005 | 20260120123447.0 | ||
| 008 | 090821s1999 dr 000 0 spa d | ||
| 040 |
_aDO-SdBNP _bspa _cBNPHU |
||
| 082 |
_a345.0527 _bC965p |
||
| 100 | 1 |
_aCuello Pereira, Vinicio Martín _915985 |
|
| 245 | 1 | 3 |
_aLa prisión preventiva y los mandamientos en la instrución preparatoria / _cVinicio Martin Cuello Pereira ; prólogo Aura Celeste Fernández R. ; revisión y corrección Milbert Pérez. |
| 260 |
_aSanto Domingo : _bCAMJ, _c1999. |
||
| 300 |
_a62 p. ; _c22 cm. |
||
| 490 | 0 |
_aSerie Cuadernos del Ministerio Público _v4 |
|
| 650 | 4 |
_aEncarcelamiento _915986 |
|
| 650 | 0 |
_aDetención preventiva _988896 |
|
| 650 | 4 |
_aAdministración de justicia penal _915988 |
|
| 700 | 1 |
_aFernández Rodríguez, Aura Celeste, _d1959- _epról. _976547 |
|
| 700 | 1 |
_aPérez, Milbert, _erev. y corr. _915990 |
|
| 710 | 1 |
_aRepública Dominicana. _bComisionado de Apoyo a la Reforma y Modernización de la Justicia _917179 |
|
| 830 | 0 |
_aSerie Cuadernos del Ministerio Público _n4 _915991 |
|
| 999 |
_c5450 _d5450 |
||